Online Public Access Catalogue

Dorland Illustrated Medical Dictionary (Record no. 7336)

MARC details
000 -LEADER
fixed length control field 00397nam a2200157Ia 4500
020 ## - INTERNATIONAL STANDARD BOOK NUMBER
International Standard Book Number 9780808924180
082 ## - DEWEY DECIMAL CLASSIFICATION NUMBER
Classification number 610.03
Edition number 32nd
Author Mark DOR
100 ## - MAIN ENTRY--PERSONAL NAME
Author Name Dorland's
245 #0 - TITLE STATEMENT
Title Dorland Illustrated Medical Dictionary
Statement of responsibility, etc. Dorland's
250 ## - EDITION STATEMENT
Edition statement 32nd
260 ## - PUBLICATION, DISTRIBUTION, ETC.
Date of publication, distribution, etc. 2012
Name of publisher, distributor, etc. Elsevier
300 ## - PHYSICAL DESCRIPTION
No of Pages 2147
440 ## - SERIES STATEMENT/ADDED ENTRY--TITLE
Title Dorland Illustrated Medical Dictionary
650 ## - SUBJECT ADDED ENTRY--TOPICAL TERM
Subject Medical Dictionary
942 ## - ADDED ENTRY ELEMENTS (KOHA)
Koha item type Books
Source of classification or shelving scheme
952 ## - LOCATION AND ITEM INFORMATION (KOHA)
-- 2018-03-16
Holdings
Withdrawn status Lost status Source of classification or shelving scheme Damaged status Not for loan Home library Current library Shelving location Date acquired Total Checkouts Full call number Barcode Date last seen Koha item type
          Islamabad Medical and Dental College Islamabad Medical and Dental College Islamabad Medical and Dental College 16/03/2018   610.03 DOR 9096 16/03/2018 Books

Copyright @ IMDC Library
Islamabad Medical and Dental College
Bhara Kahu, Islamabad

  Contact the Librarian, IMDC
  Email:: library@imdcollege.edu.pk

  OPAC Customized by
  Mazhar Hussain,
  Librarian:
  Islamabad Medical and Dental College
  Email:: library@imdcollege.edu.pk